000 00374nam a2200169Ia 4500
001 23641
005 20260414150950.0
008 260414t2003||||xx |||||||||||||| ||spa||
041 _aESP
082 _a678.5
_bR54
100 _aRichardson
_eAUT
245 0 _aIndustria del plástico
_b
260 _c2003
650 _aTCA
654 _aCII
942 _cLIB
_dJUS
_fJUS
_2ddc
_n
999 _c23641
_d23641